000 00403nam a22001697a 4500
005 20160701171220.0
008 160701b xxu||||| |||| 00| 0 eng d
020 _a978-0-07-015142-0
041 _aeng
082 _b20800
100 _aMillman & other
_93432
245 _aIntegrated Electronics
260 _bMc graw hill
_c2013
300 _a843
650 _aDiploma Engineering
_9817
942 _cBK
999 _c5132
_d5130